000 01016nam0a22003011 4500
001 2556974
005 20251118181700.0
021 _aRU
_b79-19337
035 _a(NLR Aleph) 006437879
090 _a5612555
_c5612555
100 _a20110316d1979 u y0rusy50 ca
101 1 _arus
_aeng
_crus
102 _aRU
105 _ay z |||||
200 1 _aThe Kirov plant in Leningrad
_e[In the past and today]
_fPavel Antonov, Dmitri Kazutin
210 _aMoscow
_cNovosti press agency publ. house
_d1979
215 _a77 с.
_d17
300 _aНа обл. авт. не указаны
601 0 2 _aКировский з-д
_cЛенинград
_2psbo
686 _aУ9(2)305.851.516.109.2Кировс.з-д
_2rubbk
700 1 _aАнтонов
_bП.Н.
_gПавел Николаевич
701 1 _aКазутин
_bД.В.
_gДмитрий Владимирович
801 0 _aRU
_bNLR
_gpsbo
801 1 _aRU
_bELAR
_2rusmarc
852 _aNLR
_jDesideratum
899 _aRuMoRGB
_jM 79-14/147
942 _cBOOK
980 _aNB